| 000 | 00722nam a2200205 i 4500 | ||
|---|---|---|---|
| 001 | 44468 | ||
| 003 | ES-MaACL | ||
| 005 | 20230906161034.0 | ||
| 007 | t| | ||
| 008 | 030321s1858 sp ||||1| spa d | ||
| 080 | _a94(72)"1821/61" | ||
| 100 | 1 |
_aCeballos y del Conde, Ramón de. _937283 |
|
| 245 | 1 | 0 |
_aDe Méjico / _cpor Ramón de Ceballos y del Conde. |
| 260 |
_aMadrid : _b[s.n.], _c1858 ( _fImp. y Estereotipia Española de los Sres. Nieto y Cía.) |
||
| 300 |
_a126 p. ; _c22 cm. |
||
| 530 | _aDisponible en formato digital. | ||
| 651 | 4 |
_aMéxico- _xHistoria- _z1821-1861. _99064 |
|
| 852 | 4 |
_aES-MaACL _jT-104-F-8 |
|
| 856 | 4 |
_uhttp://bdh-rd.bne.es/viewer.vm?id=0000065152&page=1 _zBiblioteca Digital Hispánica |
|
| 999 |
_c44468 _d44468 |
||